Normal view
MARC view
Entry Topical Term
001 - CONTROL NUMBER
- control field: 306
003 - CONTROL NUMBER IDENTIFIER
- control field: OSt
005 - DATE AND TIME OF LATEST TRANSACTION
- control field: 20180816170739.0
008 - FIXED-LENGTH DATA ELEMENTS
- fixed length control field: 180816|| aca||aabn | a|a d
040 ## - CATALOGING SOURCE
- Original cataloging agency: OSt
- Transcribing agency: OSt
150 ## - HEADING--TOPICAL TERM
- Topical term or geographic name entry element: Municipal government --Societies, etc;Research.
670 ## - SOURCE DATA FOUND
- Source citation: Work cat.: (OSt): Gill, Norman N. 305, Municipal research bureaus: a study of the Nation’s leading citizen-supported agencies, 1944
